000 00971nam a22003257a 4500
001 BR9802928
003 BR-BrBNA
005 20230928095916.0
007 ta
008 230509b bl.||||| |||| 00| 0 por d
040 _aBR-BrBNA
_bpor
_cBiblioteca Nacional de Agricultura
041 _a(Spa, Por)
072 _aQ03; Q53
090 _ Q03 BR9802928
100 1 _aCruz, L.C.H. da(ed.)
110 1 _aUniversidade Federal Rural do Rio de Janeiro, Seropedica, RJ (Brasil)
_911251
245 1 _aMicotoxinas: perspectiva latinoamericana
260 3 _aSeropedica, RJ (Brasil):
_bEditora Universidade Rural,
_c1996.
300 _a261 p.
500 _aIncludes several bibliographies, 38 illus.
650 _aMicotoxina
650 _aFungo
650 _aMicrobiologia de Alimento
650 _aHigiene de Alimento
650 _aAlimento para Animal
650 _aVeterinaria
650 _aImunologia
909 _a202309
_bLucia
_c55
_dLucia Elande
942 _cBK
999 _c59343
_d59343